MARC

LEADER 00000nas a2200000 a 4500
001 ssj0007974
003 WaSeSS
005 20200512172242.0
006 m d
007 cr n
008 050822c19829999nyutr pss 0 a0eng c
010 |a  2006216159 
022 |a 1934-7243  |l 0736-9387  |y 0736-9387 
035 |a (WaSeSS)ssj0007974 
037 |b International Dyslexia Association, 40 York Rd., 4th Floor, Baltimore, MD 21204 
037 |b Springer New York LLC, 233 Spring St, New York, NY 10013 United States 
037 |a 22573/cts9hpcm  |b JSTOR 
040 |a OCLCS  |b eng  |e pn  |c OCLCS  |d OCLCS  |d LGG  |d OCLCQ  |d NSD  |d OCLCQ  |d NSD  |d GBT  |d OCLCQ  |d PFM  |d OCLCQ  |d OCLCF  |d TXA  |d TEF  |d DLC  |d VT2  |d OCL  |d OCLCQ  |d DEFHM  |d OCLCO  |d OCLCA  |d BUF  |d OCLCO  |d U3W  |d OCLCO  |d WYU  |d OCLCA  |d DLC  |d WaSeSS 
042 |a pcc  |a nsdp 
050 0 0 |a RJ496.A5 
060 4 |a W1  |b AN574 
082 1 0 |a 616  |2 14 
130 0 |a Annals of dyslexia (Online) 
210 0 |a Ann. dyslexia  |b (Online) 
222 0 |a Annals of dyslexia  |b (Online) 
245 1 0 |a Annals of dyslexia  |h [electronic resource]. 
260 |3 1982-1996 :  |a Baltimore, Md. :  |b The Orton Dyslexia Society,  |c ©1982- 
260 2 |3 1997-2006 :  |a Baltimore, Md. :  |b International Dyslexia Association 
260 3 |3 2007- :  |a [New York, NY] :  |b Springer 
310 |a Three issues a year,  |b 2012- 
321 |a Annual,  |b 1982-2003 
321 |a Two issues yearly,  |b 2004-2011 
362 1 |a Print began with vol. 32 (1982). 
506 |a License restrictions may limit access. 
538 |a Mode of access: World Wide Web. 
550 |a "An interdisciplinary journal of the Orton Dyslexia Society." 
588 |a Description based on: Vol. 32 (1982); title from PDF cover (JSTOR, viewed Dec. 3, 2014). 
588 |a Latest issue consulted: Vol. 69, no.1 (Apr. 2019) (SpringerLinkw website, viewed Apr. 25, 2019). 
610 2 0 |a Orton Dyslexia Society  |v Periodicals. 
610 2 0 |a International Dyslexia Association  |v Periodicals. 
610 2 7 |a International Dyslexia Association.  |2 fast  |0 (OCoLC)fst00755848 
610 2 7 |a Orton Dyslexia Society.  |2 fast  |0 (OCoLC)fst00569308 
650 0 |a Dyslexia  |v Periodicals. 
650 0 |a Dyslexic children  |v Periodicals. 
650 7 |a Dyslexia.  |2 fast  |0 (OCoLC)fst00900345 
650 7 |a Dyslexic children.  |2 fast  |0 (OCoLC)fst00900354 
650 7 |a Legasthenie  |2 gnd 
650 7 |a Zeitschrift  |2 gnd 
650 2 |a Dyslexia. 
655 0 |a Electronic journals. 
710 2 |a Orton Dyslexia Society. 
710 2 |a International Dyslexia Association. 
776 0 8 |i Print version:  |t Annals of dyslexia  |x 0736-9387  |w (DLC) 83641415  |w (OCoLC)8872116 
780 0 0 |t Bulletin of the Orton Society  |x 2376-9068  |w (DLC) 2015201038  |w (OCoLC)733867559 
850 |a DLC 
856 4 0 |z Full text available from Research Library: 01/01/1998 to 1 year ago  |u https://search.proquest.com/publication/38024